000 00319nam a2200121Ia 4500
005 20251222144747.0
008 251222s9999||||xx |||||||||||||| ||spa||
082 _a261.8/D98
100 _aDurand Flores, Ricardo
245 0 _aObservaciones a Teología de la Liberación:
264 _bObispado del Callao
942 _cLIB
999 _c19177
_d19177